Starving for Fuel in Times of War: the Coal Shortage in Occupied Greece, 1941-1944 (notice n° 1613465)
[ vue normale ]
| 000 -LEADER | |
|---|---|
| fixed length control field | 01434cam a2200205 4500500 |
| 005 - DATE AND TIME OF LATEST TRANSACTION | |
| control field | 20260111052825.0 |
| 041 ## - LANGUAGE CODE | |
| Language code of text/sound track or separate title | fre |
| 042 ## - AUTHENTICATION CODE | |
| Authentication code | dc |
| 100 10 - MAIN ENTRY--PERSONAL NAME | |
| Personal name | Manousakis, Vasilis G. |
| Relator term | author |
| 245 00 - TITLE STATEMENT | |
| Title | Starving for Fuel in Times of War: the Coal Shortage in Occupied Greece, 1941-1944 |
| 260 ## - PUBLICATION, DISTRIBUTION, ETC. | |
| Date of publication, distribution, etc. | 2025.<br/> |
| 500 ## - GENERAL NOTE | |
| General note | 51 |
| 520 ## - SUMMARY, ETC. | |
| Summary, etc. | During the Interwar years Greece relied heavily on coal imports for industrial use and electricity production, with the majority coming from Britain. The Axis powers’ occupation of Greece in 1941 severed access to overseas markets, while coal imports from Axis-controlled Europe were limited, thus leading to widespread fuel shortages. The efforts to address the coal shortage through rationing, the use of hydroelectric power, and lignite mining proved useful but insufficient due to transport issues, funding problems, and Resistance interference. Consequently shortages persisted, leading to severe consumption restrictions and factory shutdowns. These experiences prompted postwar plans focusing on lignite and hydroelectric power generation to escape similar crises in the future. |
| 690 ## - LOCAL SUBJECT ADDED ENTRY--TOPICAL TERM (OCLC, RLIN) | |
| Topical term or geographic name as entry element | Coal |
| 690 ## - LOCAL SUBJECT ADDED ENTRY--TOPICAL TERM (OCLC, RLIN) | |
| Topical term or geographic name as entry element | Greece |
| 690 ## - LOCAL SUBJECT ADDED ENTRY--TOPICAL TERM (OCLC, RLIN) | |
| Topical term or geographic name as entry element | Lignite |
| 690 ## - LOCAL SUBJECT ADDED ENTRY--TOPICAL TERM (OCLC, RLIN) | |
| Topical term or geographic name as entry element | Second World War |
| 786 0# - DATA SOURCE ENTRY | |
| Note | Journal of Energy History | 14 | 1 | 2025-12-10 | p. 90-105 | 2649-3055 |
| 856 41 - ELECTRONIC LOCATION AND ACCESS | |
| Uniform Resource Identifier | <a href="https://stm.cairn.info/journal-journal-of-energy-history-2025-1-page-90?lang=en&redirect-ssocas=7080">https://stm.cairn.info/journal-journal-of-energy-history-2025-1-page-90?lang=en&redirect-ssocas=7080</a> |
Pas d'exemplaire disponible.




Réseaux sociaux